000 00471nmm a2200157Ia 4500
008 251105s9999||||xx |||||||||||||||||und||
020 _a9791021304949
041 _aspa
100 _aValdés, Armando Palacio
245 0 _aObras de Armando Palacio Valdés
264 _a[París, Francia] :
_bEdiciones la Biblioteca Digital,
_c2012
300 _a5551 páginas
650 _aSpanish narrative
856 _uhttps://public.digitaliapublishing.com/a/26257
942 _cCF
999 _c98012
_d98012